000
00208nam a2200085Ia 4500
008
250605s9999 xx 000 0 und d
041
_a
eng
100
_a
Abhishek Sharma
245
_a
Panasonic India Private Limited
999
_c
45054
_d
45054